| 000 | 00000nam##2200000za#4500 |
| 001 | 9.592069 |
| 003 | CaOODSP |
| 005 | 20250403105009 |
| 007 | cr ||||||||||| |
| 008 | 150406|2005||||xxc|||||o f|0| 0 fre|d |
| 020 | |a0-662-79135-5 |
| 022 | |a1481-0972 |
| 040 | |aCaOODSP|bfre |
| 043 | |an-cn--- |
| 086 | 1 |aCS21-006/6-2F-PDF |
| 245 | 03|aLe niveau de compétences professionnelles : |h[ressource électronique]|ble fossé entre les régions rurales et les régions urbaines du Canada / |cAlessandro Alasia et Erik Magnusson; Publié en collaboration avec le Secrétariat rural d'Agriculture et Agroalimentaire Canada. |
| 260 | |bStatistique Canada |c2005. |
| 300 | |a33p.|bgraphiques, cartes (certaines en couleur), références, tableaux |
| 490 | 1 |aBulletin d'analyse, régions rurales et petites villes du Canada|x1481-0972|vVol. 6, n° 2 |
| 590 | |a06-04-Supp|b2006-10-02 |
| 691 | 07|aHabiletés|2gcpds |
| 710 | 2 |aStatistique Canada. |
| 720 | 1 |aMagnusson, Erik |
| 720 | 1 |aAlasia, Alessandro |
| 775 | 08|tOccupational skill level : |w(CaOODSP)9.559291 |
| 830 | #0|aBulletin d'analyse, régions rurales et petites villes du Canada (Statistique Canada)|x1481-0972|vVol. 6, n° 2|w(CaOODSP)9.501146 |
| 856 | 40|ahttp://publications.gc.ca|qPDF|s1492 Ko|uhttps://publications.gc.ca/collections/Collection/Statcan/21-006-X/21-006-XIF2005002.pdf|yVol. 6, n° 2 |